Bessie Bradford's Prize (Record no. 235889)
[ view plain ]
| 000 -LEADER | |
|---|---|
| fixed length control field | 01016cam a22003133a 4500 |
| 001 - CONTROL NUMBER | |
| control field | 6569 |
| 003 - CONTROL NUMBER IDENTIFIER | |
| control field | PGUSA |
| 005 - DATE AND TIME OF LATEST TRANSACTION | |
| control field | 20140828083134.0 |
| 008 - FIXED-LENGTH DATA ELEMENTS--GENERAL INFORMATION | |
| fixed length control field | 040901s2004||||xxu|||||s|||||000 i eng d |
| 040 ## - CATALOGING SOURCE | |
| Original cataloging agency | PGUSA |
| Language of cataloging | eng |
| 042 ## - AUTHENTICATION CODE | |
| Authentication code | dc |
| 050 #4 - LIBRARY OF CONGRESS CALL NUMBER | |
| Classification number | PZ |
| 100 1# - MAIN ENTRY--PERSONAL NAME | |
| Personal name | Mathews, Joanna H. |
| Fuller form of name | (Joanna Hooe), |
| Dates associated with a name | 1849-1901 |
| 245 10 - TITLE STATEMENT | |
| Title | Bessie Bradford's Prize |
| Medium | [electronic resource] / |
| Statement of responsibility, etc | Joanna H. Mathews |
| 260 ## - PUBLICATION, DISTRIBUTION, ETC. (IMPRINT) | |
| Name of publisher, distributor, etc | Project Gutenberg, |
| Date of publication, distribution, etc | 2004 |
| 506 ## - RESTRICTIONS ON ACCESS NOTE | |
| Terms governing access | Public domain in the USA. |
| 516 ## - TYPE OF COMPUTER FILE OR DATA NOTE | |
| Type of computer file or data note | Electronic text |
| 653 ## - INDEX TERM--UNCONTROLLED | |
| Uncontrolled term | Sisters -- Juvenile fiction |
| 653 ## - INDEX TERM--UNCONTROLLED | |
| Uncontrolled term | Theft -- Juvenile fiction |
| 653 ## - INDEX TERM--UNCONTROLLED | |
| Uncontrolled term | Children -- Conduct of life -- Juvenile fiction |
| 653 ## - INDEX TERM--UNCONTROLLED | |
| Uncontrolled term | Prizes (Property captured at sea) -- Juvenile fiction |
| 653 ## - INDEX TERM--UNCONTROLLED | |
| Uncontrolled term | Conduct of life -- Juvenile fiction |
| 653 ## - INDEX TERM--UNCONTROLLED | |
| Uncontrolled term | Letters -- Juvenile fiction |
| 653 ## - INDEX TERM--UNCONTROLLED | |
| Uncontrolled term | Police -- Juvenile fiction |
| 653 ## - INDEX TERM--UNCONTROLLED | |
| Uncontrolled term | Students -- Juvenile fiction |
| 830 #0 - SERIES ADDED ENTRY--UNIFORM TITLE | |
| Uniform title | Project Gutenberg |
| Volume number/sequential designation | 6569 |
| 856 40 - ELECTRONIC LOCATION AND ACCESS | |
| Uniform Resource Identifier | <a href="http://www.gutenberg.org/ebooks/6569">http://www.gutenberg.org/ebooks/6569</a> |
| 942 ## - ADDED ENTRY ELEMENTS (KOHA) | |
| Koha item type | eBooks |
| Withdrawn status | Lost status | Damaged status | Home library | Current library | Date acquired | Total Checkouts | Date last seen | Price effective from | Koha item type |
|---|---|---|---|---|---|---|---|---|---|
| Project Gutenberg | Project Gutenberg | 08/28/2014 | 08/28/2014 | 08/28/2014 | eBooks |